Responses for show #8084 - Thursday, October 31, 2019

Contestants

Andrew Thomson, a journalist from Ottawa, Ontario, Canada

Miriam Manber, an attorney from New York, New York

Steve Moulds, a playwright from Louisville, Kentucky (whose 3-day cash winnings total $85,603)

Jeopardy! Round responses

HOBBIES
NEW TESTAMENT QUOTES
(Alex: We're talking about the King James version here.)
COLOR TELEVISION
MOUNTAIN STATES
(Alex: We'll give you the mountain. You identify the state in which it's found.)
YOU'VE HIT THE DAILY DOUBLE
BET IT "ALL"!
    $200 30
a landscape

Steve!
    $200 1
commandments

Steve!
    $200 6
Grey's Anatomy

Miriam
    $200 19
New Mexico

Andrew
    $200 29
London

Andrew
    $200 11
an airball

Steve!
    $400 27
(Andrew: What is scrapbooking?)

collage

MiriamAndrew
    $400 2
Adam

Triple Stumper
    $400 7
(Steve: What is Planet Earth?)

Blue Planet

Steve!Andrew
    $400 20
Wyoming

Andrew
    $400 28
double-jointedness

Steve!
    $400 12
uninstall

Andrew
    $600 26
a language

Miriam
    $600 3
little faith

Steve!
    $600 8
The Blacklist

Steve!
    $600 13
(Andrew: What is Washington?)

California

Andrew
Triple Stumper
    $600 17
double exposure

Miriam
    $600 23
(Miriam: What is stalling?)

stonewalling

Miriam
Triple Stumper
    $800 15
bath bombs

Miriam
    $800 4
heal thyself

Steve!
    $800 9
Yellowstone

Triple Stumper
    $800 14
Colorado

Miriam
    $800 18
a split

Andrew
    $800 24
(Miriam: What is reggaeton?)

dancehall

Steve!Miriam
    $1,800 16
ships in a bottle

Miriam
    $1000 5
sand

Steve!
    $1000 10
Father Brown

Triple Stumper
    $1000 21
New York

Miriam
    $1000 22
(Miriam: What is DNA?)

a double helix

Steve!Miriam
    $1000 25
(Alex: Less than a minute now.)

Heimdall

Steve!

Scores at the first commercial break (after clue 15):

Steve! Miriam Andrew
$3,000 $1,800 $200

Scores at the end of the Jeopardy! Round:

Steve! Miriam Andrew
$6,400 $3,800 $1,400
The J! Archive is created by fans, for fans. The Jeopardy! game show and all elements thereof, including but not limited to copyright and trademark thereto, are the property of Jeopardy Productions, Inc. and are protected under law. This website is not affiliated with, sponsored by, or operated by Jeopardy Productions, Inc. Join the discussion at JBoard.tv.